000 00882nas a2200301 4500
001 BR0301687
003 BR-BrBNA
005 20231205103655.0
007 ta
008 230509b bl.|||p| |||| 00| 00por d
040 _aBR-BrBNA
_bpor
_cBiblioteca Nacional de Agricultura
041 _a(Pt)
072 _aP07; Q02
100 1 _aLopes, R.P.
100 1 _aSilva, J. de S. e
100 1 _aRuffato, S.
100 1 _aSena Júnior, D.G.
245 1 _aConsumo de energia em dois sistemas de secagem de café
650 _aCAFÉ
650 _aENERGIA ELÉTRICA
650 _aSECAGEM ARTIFICIAL
650 _aECONOMIA DA PRODUÇÃO
650 _aTEMPERATURA
650 _aSIMULAÇÃO
773 0 _tCiência e Agrotecnologia (Brazil)
_xISSN 1413-7054
_g(Nov-Dec 2002), v. 26(6) p. 1266-1274
_wBR0301687
909 _a202311
_bLúcia
_c55
_dLúcia Elande
942 _2AGRIS
_n0
_cANA
999 _c174143
_d174143